Intelek Malay-English dictionary : with illustrations and cross references in english

Bibliographic Details
Main Author: Daud Baharum
Format: Book
Published: Kuala Lumpur : Arus Intelek , 1996
Subjects:

MARC

LEADER 00000cam a2200000 7i4500
001 0000008331
002 000009083
005 20071217.0
020 |a 9839104128 
090 0 0 |a 499.28321   |b DAU 
100 0 |a Daud Baharum 
245 1 0 |a Intelek Malay-English dictionary :   |b with illustrations and cross references in english 
260 |a Kuala Lumpur :   |b Arus Intelek ,   |c 1996 
300 |a 584p. ;   |c 20cm. 
650 0 0 |a Dictionaries 
650 0 0 |a English language   |x Dictionaries   |x Malay language 
650 0 0 |a Malay language   |x Dictionaries   |x English language 
999 |a 052837   |b BUKU   |c PINJAMAN   |e PERPUSTAKAAN KOMUNITI PETALING JAYA 
999 |a 052838   |b BUKU   |c PINJAMAN   |e PERPUSTAKAAN KOMUNITI PETALING JAYA